Derechos y libertades

Bibliographic Details
Format: Journal
Language:Spanish
Published: Madrid : Dykinson, 1988-
Subjects:
Online Access:http://www.vlex.com/source/7330

MARC

LEADER 00000nas a22000007a 4500
005 20130301111758.0
007 cr|||| ||||
008 130301c19889999sp fr|p s|||| 0|||b1spa d
022 |a 1133-0937  
035 |a 7330 
040 |a vLex 
090 |c 3802  |d 3802 
245 0 0 |a Derechos y libertades  |h [Recurso electrn̤ico] 
256 |a Servicio en ln̕ea 
260 |a Madrid :  |b Dykinson,   |c 1988- 
300 |a 1 Recurso electrn̤ico 
506 |d vLex Global  |d vLex Global (Academic Edition, excluding Law Schools)  |d vLex Global (U.S. Academic Edition, Law Schools)  |d vLex Global (U.S. Academic Edition, excluding Law Schools)  |d vLex Global (Academic Edition, Law Schools) 
650 0 4 |a Derecho  |v Revistas 
740 |a vLex Revistas (Servicio en ln̕ea) 
856 |a Acceso restringido  |u http://www.vlex.com/source/7330 
942 |c REV 
999 0 |a Law